| 000 | 00928nmm a2200313 a 4500 | ||
|---|---|---|---|
| 001 | ocm000785870 | ||
| 003 | TR-IsHL | ||
| 005 | 20201028143551.0 | ||
| 008 | 140417s2013 tu eng | ||
| 007 | cr cn | ||
| 020 | _a9781304492777 | ||
| 035 |
_a785870 _b(N$T) |
||
| 050 | 0 | 4 |
_aBL313.M98 _bC643 2013 |
| 090 | 0 | 4 |
_aBL313.M98 _bC643 2013 |
| 100 | 1 | _aClodd, Edward | |
| 245 | 1 | 0 |
_aMyths and dreams _h[electronic resource] / _cEdward Clodd |
| 260 |
_aİstanbul : _bE-Kitap Projesi, _c2013 |
||
| 300 | _a121 p. | ||
| 650 | 4 | _aFelsefe, Psikoloji ve Din | |
| 650 | 4 | _aPhilosophy, Psychology and Religion | |
| 650 | 0 | _aMitoloi | |
| 650 | 0 | _aMythology | |
| 650 | 0 | _aRüyalar | |
| 650 | 0 | _aDreams | |
| 650 | 0 | _aHalk bilimi | |
| 650 | 0 | _aFolklore | |
| 650 | 7 |
_aSOCIAL SCIENCE / Folklore & Mythology _2bisacsh |
|
| 856 | 4 | 0 | _uhttp://search.ebscohost.com/login.aspx?direct=true&scope=site&db=e011xww&AN=785870 |
| 999 |
_c8968 _d8968 |
||